000 00623nam a2200205 4500
003 OSt
005 20240708003546.0
006 a
008 240708b |||||||| |||| 00| 0 eng d
020 _a0323016316
040 _aDWCL-HMN lib.
_cOC
082 _2Second edition
_aCirc. 610.73 C521c 2002
100 _aCherry, Barbara
245 _aContemporary nursing: issues, trends, & management /
260 _a St. Louis :
_bMosby Elsevier,
_cc2005.
300 _axxxiv,
_b630 p. : ill. ;
_c23 cm.
504 _aIncludes bibliographical references and index.
650 _a1. Nursing.
942 _2ddc
_n0
_cBK-CIRC
_kCirc.
999 _c2055
_d2055